|
|
|
|
| LEADER |
00000nam0a2200000 4500 |
| 001 |
106617 |
| 005 |
20231031114950.0 |
| 010 |
|
|
|a 5936303004
|
| 035 |
|
|
|a (RuTPU)RU\TPU\book\115126
|
| 090 |
|
|
|a 106617
|
| 100 |
|
|
|a 20061211d2003 k y0rusy50 ca
|
| 101 |
0 |
|
|a rus
|
| 102 |
|
|
|a RU
|
| 105 |
|
|
|a y l 000zy
|
| 200 |
1 |
|
|a Приложения к межотраслевым правилам по охране труда при эксплуатации водопроводно-канализационного хозяйства
|e ПОТ РМ -025-2002
|
| 210 |
|
|
|a СПб.
|c Деан
|d 2003
|
| 215 |
|
|
|a 48 с.
|
| 225 |
1 |
|
|a Безопасность труда России
|
| 610 |
1 |
|
|a строительство
|
| 610 |
1 |
|
|a водопроводное хозяйство
|
| 610 |
1 |
|
|a водопроводные сооружения
|
| 610 |
1 |
|
|a водопроводы
|
| 610 |
1 |
|
|a канализация
|
| 610 |
1 |
|
|a канализационные сооружения
|
| 610 |
1 |
|
|a охрана труда
|
| 610 |
1 |
|
|a приложения
|
| 610 |
1 |
|
|a ПОТ РМ -025-2002
|
| 675 |
|
|
|a 696.1(083)
|v 3
|
| 801 |
|
1 |
|a RU
|b 63413507
|c 20061211
|g PSBO
|
| 801 |
|
2 |
|a RU
|b 63413507
|c 20070116
|g PSBO
|
| 942 |
|
|
|c BK
|